000 00286nam a2200133Ia 4500
100 _aCamm/F.J
942 _cBK
654 _aDiesel vehicles
245 _aDiesel vehicles
260 _bD.B.Taraporevala & Sons
_aBombay
_c1975
082 _a629.28
300 _a107
546 _aENGLISH
999 _c32011
_d32011